[Event "35th TCh-GRE"]
[Site "Ermioni GRE"]
[Date "2006.07.??"]
[Round "8"]
[White "Papadopoulos,P"]
[Black "Spirou,P"]
[Result "0-1"]
[WhiteElo "1878"]
[BlackElo "2078"]

1.d4 Nf6 2.c4 Nc6 3.Nc3 e5 4.d5 Ne7 5.e4 Ng6 6.a3 Bc5 7.Bg5 d6 8.Be2 h6 9.Bxf6 Qxf6
10.Nf3 a6 11.b4 Ba7 12.O-O O-O 13.Re1 Nf4 14.Bf1 Bg4 15.g3 Bxf3 16.Qxf3 Nh3+
17.Kg2 Qxf3+ 18.Kxf3 Bd4 19.Rac1 Nxf2 20.g4 g6 21.Ne2 f5 22.Nxd4 fxe4+ 23.Ke3 Nxg4+
24.Kd2 exd4 25.Rxe4 Nxh2 26.Be2 Nf3+ 27.Bxf3 Rxf3 28.Re7 Rf7 29.Rce1 Raf8
30.c5 Kg7 31.a4 Rxe7 32.Rxe7+ Rf7 33.Rxf7+ Kxf7 34.a5 c6 35.b5 cxb5 36.cxd6 Ke8  0-1

[Event "15th Open A"]
[Site "Vienna AUT"]
[Date "2006.08.04"]
[Round "7"]
[White "Sukopp,K"]
[Black "Kren,A"]
[Result "1/2-1/2"]
[WhiteElo "2045"]
[BlackElo "2149"]

1.d4 Nf6 2.c4 Nc6 3.Nf3 e6 4.a3 d6 5.Nc3 g6 6.Bg5 h6 7.Bd2 Bg7 8.e4 O-O 9.Be2 Re8
10.O-O e5 11.d5 Nd4 12.Be3 Nxe2+ 13.Qxe2 Ng4 14.Bc1 f5 15.b4 Nf6 16.Nd2 Nh5
17.c5 Nf4 18.Qe3 a5 19.Rb1 axb4 20.axb4 Qg5 21.Qg3 Qe7 22.cxd6 cxd6 23.Re1 Bf6
24.Nc4 Bh4 25.Qf3 fxe4 26.Nxe4 Rf8 27.Bxf4 Rxf4 28.Qe3 Bf5 29.Ncd2 Qf8 30.g3 Bxe4
31.Nxe4 Rf3 32.Qb6 Ra2 33.Qxd6 Qxd6 34.Nxd6  1/2-1/2

[Event "15th Open A"]
[Site "Vienna AUT"]
[Date "2006.08.05"]
[Round "8"]
[White "Schulz,M2"]
[Black "Posch,W"]
[Result "1-0"]
[WhiteElo "2165"]
[BlackElo "2262"]

1.d4 Nf6 2.c4 Nc6 3.Nf3 e6 4.a3 d5 5.Nc3 a6 6.e3 Bd6 7.b4 O-O 8.Bb2 Re8 9.Qc2 Bd7
10.Bd3 dxc4 11.Bxc4 b5 12.Bd3 Qe7 13.O-O e5 14.Ne4 h6 15.Nxf6+ Qxf6 16.Be4 exd4
17.Rac1 d3 18.Qb3 Qe6 19.Qxe6 Rxe6 20.Bf5 Ne7 21.Bxe6 Bxe6 22.Rfd1 Bc4 23.Ne1 a5
24.Nxd3 Nc6 25.bxa5 Nxa5 26.Nb4 Bb3 27.Rd3 Bc4 28.Rxd6 cxd6 29.Rd1 Be6 30.Rd3 Nc4
31.Bc1 Kf8 32.f3 Ke7 33.Nc6+ Ke8 34.Nd4 Bd7 35.e4 h5 36.Rb3 Ra5 37.Kf2 Ke7
38.h3 g6 39.f4 Kf6 40.Kf3 Be8 41.g4 hxg4+ 42.hxg4 Bd7 43.g5+ Ke7 44.Nc2 Ra8
45.Nb4 Rh8 46.Nd5+ Kd8 47.Be3 Rh1 48.Nb4 Nd2+ 49.Kg2 Nxb3 50.Kxh1 Nc5 51.Bxc5 dxc5
52.Na6 b4 53.axb4 c4 54.Nc5 c3 55.Kg2 c2 56.Nd3 Kc7 57.Kf3 Kb6 58.Ke3 Bb5
59.Nc1 Bc6 60.Kd4 Kb5 61.Nd3 Bb7 62.e5 Bc8 63.Kc3 Bf5 64.Nc1 Ka4 65.Nb3 Be6
66.Nc5+ Kb5 67.Kxc2 Kxb4 68.Nxe6 fxe6 69.f5  1-0

[Event "Acropolis Open"]
[Site "Athens GRE"]
[Date "2006.08.14"]
[Round "2"]
[White "Koliopoulos,K"]
[Black "Kotrotsos,V"]
[Result "1/2-1/2"]
[WhiteElo "2204"]
[BlackElo "2294"]

1.d4 Nf6 2.c4 Nc6 3.Nc3 e5 4.d5 Ne7 5.e4 Ng6 6.Be3 Bb4 7.f3 Bxc3+ 8.bxc3 d6
9.g3 O-O 10.Nh3 Nd7 11.Nf2 b6 12.h4 Ne7 13.g4 f6 14.h5 Nc5 15.Rh2 Nb7 16.Nd3 Na5
17.Nb4 Qe8 18.Rb1 Bb7 19.Rbb2 Rc8 20.Rbd2 Qf7 21.Qa4 c5 22.Nc2 Rb8 23.Na3 Bc8
24.Rb2 Rb7 25.Nb5 Qe8 26.Qd1 Qd8 27.Bd3 a6 28.Na3 Bd7 29.Qb1 Qb8 30.Bd2 Qc7
31.Ke2 b5 32.cxb5 c4 33.Bc2 Rfb8 34.g5 fxg5 35.Bxg5 Bxb5 36.Qg1 Rf8 37.Nxb5 axb5
38.Rg2 Rf7 39.Qb1 Qd7 40.Rg4 Kf8 41.Qg1 Ng8 42.Qg3 Rb6 43.f4 exf4 44.Rxf4 Nb7
45.Qf2 Nc5 46.e5 Qe8 47.Rxf7+ Qxf7 48.Qxf7+ Kxf7 49.e6+ Ke8 50.Bxh7 Ne7 51.Bxe7 Kxe7
52.Rb1 Ra6 53.Rxb5 Rxa2+ 54.Ke3 Rh2 55.Bg6 Rh3+ 56.Kd2 Rh2+ 57.Kd1 Rh1+ 58.Kc2 Rh2+
59.Kb1 Rd2 60.Rb8 Rxd5 61.Re8+ Kf6 62.Rf8+ Kxe6 63.Bf7+ Ke7 64.Bxd5 Kxf8
65.Bxc4 Ne4 66.Kc2 Ng3 67.Kd3 Nxh5 68.Kd4 Ke7 69.Be2 Nf6 70.c4 Nd7 71.Bg4 Kd8
72.Bf5 Kc7 73.Kd5 Nb6+ 74.Kd4 Nd7 75.Kd5 g5 76.Ke6 Nb6 77.Kf6 Nxc4 78.Kxg5 Kc6
79.Be6 Kc5 80.Kf4 Kd4 81.Kf3 Ne3 82.Ke2 Nd5 83.Bxd5  1/2-1/2

[Event "23rd Open"]
[Site "Collado Villalba ESP"]
[Date "2006.08.23"]
[Round "5"]
[White "Solaesa Navalpotro,L"]
[Black "Ivanovitch Balsinde,N"]
[Result "1/2-1/2"]
[WhiteElo "2334"]
[BlackElo "2140"]

1.d4 Nf6 2.c4 Nc6 3.Nf3 e6 4.g3 d5 5.Qc2 Bb4+ 6.Bd2 Be7 7.Bg2 O-O 8.O-O Ne4
9.e3 Bf6 10.Rd1 Qe7 11.Be1 Rd8 12.Nc3 Nxc3 13.bxc3 Na5 14.cxd5 exd5 15.Nd2 c5
16.Nb3 Nxb3 17.axb3 Bg4 18.Rdc1 a6 19.b4 b6 20.bxc5 bxc5 21.Qa2 Be6 22.Qa5 Rdc8
23.Rcb1 Qa7 24.Bf1 c4 25.Bg2 Bd8 26.Qa2 Rcb8 27.e4 Rxb1 28.Rxb1 Qd7 29.Qe2 Bf6
30.Bd2 Re8 31.Re1 Rf8 32.Qf3 Bg4 33.Qf4 Be6 34.Ra1 Ra8 35.exd5 Bxd5 36.Bxd5 Qxd5
37.Qc7 Bd8 38.Qf4 a5 39.f3 f5 40.Bc1 Bf6 41.Ba3 Re8 42.Kf2  1/2-1/2

[Event "5th Kesarovski - Georgiev Mem"]
[Site "Sunny Beach BUL"]
[Date "2006.09.04"]
[Round "3"]
[White "Sabolik,F"]
[Black "Maksimovic,S"]
[Result "0-1"]
[WhiteElo "2097"]
[BlackElo "2266"]

1.d4 Nf6 2.c4 Nc6 3.Nc3 e6 4.Nf3 Bb4 5.Bg5 h6 6.Bxf6 Qxf6 7.e4 d6 8.Qb3 a5
9.O-O-O Bxc3 10.Qxc3 e5 11.d5 Nb4 12.Kb1 b6 13.Bd3 O-O 14.Rdf1 Qe7 15.Nd2 f5
16.exf5 Nxd3 17.Qxd3 Bxf5 18.Ne4 Bxe4 19.Qxe4 Rf4 20.Qd3 a4 21.f3 a3 22.bxa3 b5
23.cxb5 Rfa4 24.Kb2 Qf6 25.Qc3 R8a5 26.Rb1 Rxb5+ 27.Ka1 Rc4 28.Qd2 e4+ 29.Rb2 e3
30.Qe2 Qc3 31.Rb1 Rxd5 32.f4 Rd2 33.Qg4 Qf6 34.Qc8+ Kh7 35.Qb7 e2 36.Qb3 Rcc2  0-1

[Event "ch-EU"]
[Site "Liverpool ENG"]
[Date "2006.09.09"]
[Round "4"]
[White "Gyimesi,Z"]
[Black "Carleton,J"]
[Result "1/2-1/2"]
[WhiteElo "2616"]
[BlackElo "2294"]

1.d4 Nf6 2.c4 Nc6 3.Nf3 e6 4.a3 d5 5.Nc3 a6 6.cxd5 exd5 7.Bg5 Be7 8.e3 h6
9.Bh4 Ne4 10.Bxe7 Nxc3 11.Bxd8 Nxd1 12.Bxc7 Nxb2 13.Rb1 Na4 14.Bd3 b5 15.Ne5 Nxe5
16.Bxe5 f6 17.Bc7 Be6 18.Kd2 Kd7 19.Ba5 Rhc8 20.Rhc1 Rab8 21.Rxc8 Rxc8 22.Rxb5 axb5
23.Bxb5+ Kd6 24.Bb4+ Kc7 25.Bxa4 Ra8 26.Bb3 Kc6 27.Kc3 h5 28.a4 Bc8 29.Bc2 h4
30.f3 Ba6 31.e4 Re8 32.exd5+ Kxd5 33.Be4+ Ke6 34.d5+ Ke5 35.d6 Rc8+ 36.Kb3 Bc4+
37.Kb2 Be6 38.a5 Bd5 39.Bd3 Rb8 40.Ka3 h3 41.gxh3 Bxf3 42.a6 Bc6 43.a7 Rh8
44.h4 Kd4 45.Ba6 Ra8 46.Be1 Kd5 47.d7 Kd6 48.Bg3+ Kxd7 49.Bb8 Ke6 50.Kb4 Kf5
51.Bc8+ Kg6 52.Kc5 Bf3 53.Kd4 Kh5 54.Ke3 Bc6 55.Kf4 Kxh4 56.Kf5 g5 57.Kxf6 g4
58.Ke5 Kh3 59.Kd6 Bf3 60.Kc5 Rxa7 61.Bxa7 Kxh2 62.Kd4 g3 63.Bb8 Bg2 64.Ke3 Bh3
65.Bxh3 Kxh3 66.Bxg3  1/2-1/2

[Event "3rd LGA Premium Cup"]
[Site "Nuernberg GER"]
[Date "2006.09.10"]
[Round "7"]
[White "Reich,T"]
[Black "Promyshlyanskiy,V"]
[Result "1-0"]
[WhiteElo "2442"]
[BlackElo "2209"]

1.d4 Nf6 2.c4 Nc6 3.Nf3 e6 4.a3 d6 5.Nc3 g6 6.e4 Bg7 7.h3 O-O 8.Be3 Re8 9.Bd3 Nd7
10.Be2 e5 11.d5 Nd4 12.Nxd4 exd4 13.Bxd4 Bxd4 14.Qxd4 Nc5 15.Rd1 Qg5 16.Kf1 Nb3
17.h4 Qf4 18.g3 Nxd4 19.gxf4 Nxe2 20.Kxe2 f5 21.Ke3 fxe4 22.Nb5 Re7 23.h5 Bf5
24.Rdg1 Kg7 25.Rg5 Rf8 26.hxg6 hxg6 27.Nxa7 Bd7 28.Rhg1 Rf6 29.Nb5 Bxb5 30.cxb5 Kf7
31.a4 Rf5 32.Rxf5+ gxf5 33.a5 Ke8 34.a6 bxa6 35.bxa6 c5 36.dxc6 Ra7 37.Rg8+ Kf7
38.Rb8 Ke7 39.b4 d5 40.b5 Kd6 41.Rb7 Ra8 42.c7 Rh8 43.a7 Rh3+ 44.Ke2  1-0

[Event "EU-chB16"]
[Site "Herceg Novi MNE"]
[Date "2006.09.13"]
[Round "4"]
[White "Schiendorfer,E"]
[Black "Recuero Guerra,D"]
[Result "0-1"]
[WhiteElo "2066"]
[BlackElo "2396"]

1.d4 Nf6 2.c4 Nc6 3.Nc3 e5 4.d5 Ne7 5.e4 Ng6 6.g3 Bb4 7.Bg2 Bxc3+ 8.bxc3 d6
9.Ne2 O-O 10.O-O Qe7 11.Qd3 Bd7 12.Ba3 Rfe8 13.Rae1 b6 14.Nc1 Qd8 15.f4 exf4
16.gxf4 Nh5 17.Ne2 Qh4 18.Bc1 f5 19.Kh1 Re7 20.exf5 Bxf5 21.Qf3 Bg4 22.Qf2 Rxe2  0-1

[Event "TCh-ESP Honor Gp2"]
[Site "San Sebastian ESP"]
[Date "2006.09.13"]
[Round "1"]
[White "Gomez Esteban,J"]
[Black "Fernandez Gil,M"]
[Result "0-1"]
[WhiteElo "2491"]
[BlackElo "2241"]

1.d4 Nf6 2.c4 Nc6 3.Nf3 e6 4.e3 Bb4+ 5.Nbd2 d6 6.a3 Bxd2+ 7.Nxd2 a5 8.Bd3 e5
9.d5 Ne7 10.b3 O-O 11.Bb2 c6 12.dxc6 Nxc6 13.O-O Qb6 14.Ne4 Nxe4 15.Bxe4 Be6
16.Qc2 h6 17.Rfd1 Rfd8 18.Rd2 Rac8 19.Rad1 Qc5 20.h3 a4 21.b4 Qxc4 22.Qxc4 Bxc4
23.Rxd6 f6 24.f4 exf4 25.exf4 Rxd6 26.Rxd6 Rd8 27.Rxd8+ Nxd8 28.Kf2 Kf7 29.Ke3 Nc6
30.Bd4 g6 31.g4 g5 32.Bg2 gxf4+ 33.Ke4 Ke6 34.Bc5 Bd5+ 35.Kxf4 Bxg2 36.Kg3 Be4
37.Be3 Ne5 38.Bxh6 Nc4 39.Bc1 Ke5 40.h4 Bh7 41.h5 Ke4 42.Kf2 b5 43.Kg3 Kd3
44.Bh6 Nxa3 45.Bg7 Nb1 46.Bxf6 Nc3 47.Bxc3 Kxc3 48.g5 a3 49.g6 Bxg6 50.hxg6 a2  0-1

[Event "TCh-ESP Honor Gp2"]
[Site "San Sebastian ESP"]
[Date "2006.09.13"]
[Round "1"]
[White "Van Wely,L"]
[Black "Llobel Cortell,E"]
[Result "1-0"]
[WhiteElo "2675"]
[BlackElo "2390"]

1.d4 Nf6 2.c4 Nc6 3.Nf3 e6 4.Nc3 Bb4 5.Qc2 d6 6.Bd2 O-O 7.a3 Bxc3 8.Bxc3 a5
9.e4 e5 10.dxe5 dxe5 11.Nxe5 Nxe5 12.Bxe5 Re8 13.Rd1 Qe7 14.Bxf6 Qxe4+ 15.Qxe4 Rxe4+
16.Be2 gxf6 17.Rd8+ Kg7 18.f3 Re7 19.Kf2 b6 20.Rhd1 Bb7 21.R1d7 Rxd8 22.Rxe7 Rc8
23.Bd3 Kf8 24.Rd7 Bc6 25.Rd4 h6 26.Be4 Bxe4 27.fxe4 Kg7 28.Rd7 Kf8 29.Ke3 Ke8
30.Rd5 Ke7 31.Rh5 Rg8 32.g3 Rg6 33.b4 axb4 34.axb4 Ke6 35.Kf4 c6 36.h4 Kd6
37.b5 c5 38.Rd5+ Ke7 39.g4 Rg8 40.Rh5 Rg6 41.Rd5 Rg8 42.Kf5 Ra8 43.e5 fxe5
44.Rxe5+ Kf8 45.Ke4 Rd8 46.Rd5 Re8+ 47.Kf5 Re6 48.Rd7 Kg7 49.Rb7 Rg6 50.h5 Re6
51.Rc7 Re1 52.Rc6 Rc1 53.Rxb6 Rxc4 54.Rc6 Rc1 55.Ke5 Rc4 56.b6 Rxg4 57.Kd6 Rb4
58.Kc7 f5 59.b7  1-0

[Event "EU-chB18"]
[Site "Herceg Novi MNE"]
[Date "2006.09.16"]
[Round "6"]
[White "Pankov,Ger"]
[Black "Ronchetti,N"]
[Result "0-1"]
[WhiteElo "2344"]
[BlackElo "2421"]

1.d4 Nf6 2.c4 Nc6 3.Bf4 e6 4.Nf3 Bb4+ 5.Nbd2 d6 6.Qc2 Qe7 7.O-O-O a5 8.Ne4 Nxe4
9.Qxe4 a4 10.a3 d5 11.Qc2 Bd6 12.Bxd6 cxd6 13.e4 dxc4 14.Bxc4 Bd7 15.Kb1 Na5
16.Ba2 O-O 17.Rc1 b5 18.Qd2 Rfb8 19.Rc7 Qd8 20.Rhc1 b4 21.axb4 Nb3 22.Qg5 Nxc1
23.Qxd8+ Rxd8 24.Kxc1 Rab8 25.Kd2 Rxb4 26.Kc3 Rbb8 27.Bc4 Bb5 28.Nd2 Kf8
29.d5 Rdc8 30.Rxc8+ Rxc8 31.Kb4 Bxc4 32.Nxc4 exd5 33.exd5 Ke7 34.Ne3 Rb8+
35.Kc3 Rb3+ 36.Kc2 g6 37.Nc4 Rb5 38.Ne3 Kf6 39.f4 Rb4 40.g3 h5 41.Kc1 Ke7
42.Nc2 Rb3 43.Nd4 Rd3  0-1

[Event "EU-chB18"]
[Site "Herceg Novi MNE"]
[Date "2006.09.17"]
[Round "7"]
[White "Rees,I"]
[Black "Kiratzopoulos,E"]
[Result "1-0"]
[WhiteElo "2241"]
[BlackElo "2133"]

1.d4 Nf6 2.c4 Nc6 3.Nf3 e6 4.a3 d5 5.Nc3 a6 6.cxd5 exd5 7.Bg5 Be7 8.Qc2 h6
9.Bh4 Be6 10.e3 O-O 11.Bd3 Ne8 12.Bg3 Bd6 13.Na4 Bxg3 14.hxg3 Nd6 15.Nc5 Nb8
16.Nxe6 fxe6 17.g4 Nf7 18.Nh4 Re8 19.f4 g5 20.Bh7+ Kf8 21.Ng6+ Kg7 22.Ne5 Qf6
23.O-O Nh8 24.f5 c6 25.Bg6 Re7 26.Rf3 Ra7 27.Raf1 b5 28.Qf2 Rac7 29.fxe6 Qxe6
30.Rf6 Qg8 31.Rf8 Qe6 32.Bf5 Qxe5 33.dxe5 Kxf8 34.Bg6+ Kg7 35.Qf6+  1-0

[Event "Vojvodina Quality League m"]
[Site "Sremska Mitrovica SRB"]
[Date "2006.09.22"]
[Round "1"]
[White "Saric,S"]
[Black "Radlovacki,J"]
[Result "0-1"]
[WhiteElo "2259"]
[BlackElo "2386"]

1.d4 Nf6 2.c4 Nc6 3.Nc3 e5 4.d5 Ne7 5.e4 Ng6 6.Be3 d6 7.f3 Be7 8.g3 h5 9.h4 Bf8
10.b4 c6 11.Rh2 cxd5 12.cxd5 a6 13.a4 Ne7 14.a5 Bd7 15.b5 Nc8 16.bxa6 bxa6
17.Rb2 g6 18.Qd2 Bg7 19.Bc4 O-O 20.Qd3 Ne8 21.Bxa6 f5 22.Bxc8 Bxc8 23.a6 f4
24.Bf2 fxg3 25.Bxg3 Bf6 26.Rh2 Qc7 27.Nge2 Bd8 28.Bf2 Qf7 29.a7 Qxf3 30.Qxf3 Rxf3
31.Rb1 Rxf2 32.Kxf2 Rxa7 33.Rb8 Rc7 34.Rh1 Kf7 35.Kg3 Be7 36.Rc1 Nf6 37.Rb4 Ba6
38.Na4 Ra7 39.Nec3 Kg7 40.Rcb1 Kf7 41.Rc1 Bf8 42.Kf3 Bh6 43.Rcb1 Ng4 44.Rb6 Kg7
45.Rxd6 Rf7+ 46.Kg3 Bf1 47.Rd7 Bf4+ 48.Kf3 Nh2+ 49.Kf2 Rxd7 50.Rxf1 Nxf1
51.Kxf1 Bg3 52.Nc5 Rf7+ 53.Kg2 Bxh4 54.d6 Rf6 55.d7 Rd6 56.Nb5 Rd2+ 57.Kh3 Be7
58.Nc7 Bxc5 59.Ne6+ Kf6 60.Nxc5 Ke7 61.Kh4 Rh2+ 62.Kg5 Rg2+ 63.Kh4 Rg4+ 64.Kh3 g5
65.Kh2 h4 66.Kh3 Rg3+ 67.Kh2 g4 68.Kh1 Rc3 69.Ne6 Kxd7  0-1

[Event "Tatry Open"]
[Site "Tatranske Zruby SVK"]
[Date "2006.09.30"]
[Round "9"]
[White "Kantorik,M"]
[Black "Frink,F"]
[Result "1/2-1/2"]
[WhiteElo "2330"]
[BlackElo "2256"]

1.d4 Nf6 2.c4 Nc6 3.Nc3 e5 4.d5 Ne7 5.Nf3 Ng6 6.h4 Bc5 7.h5 Ng4 8.Ne4 Bb4+
9.Nfd2 f5 10.e3 Ne7 11.a3 Bxd2+ 12.Bxd2 d6 13.Nc3 O-O 14.Be2 Nf6 15.Qb3 h6
16.O-O-O c6 17.f3 Qe8 18.c5 Qf7 19.cxd6 Nexd5 20.e4 Nxc3 21.Qxf7+ Kxf7 22.Bxc3 fxe4
23.Bxe5 exf3 24.Bxf3 Be6 25.Bxf6 gxf6 26.Be4 f5 27.Rhf1 Ke8 28.Bc2 Kd7 29.Rf4 Rf6
30.g4 Raf8 31.gxf5 Bd5 32.Rg4 Bf3 33.Rg7+ R8f7 34.Rxf7+ Rxf7 35.Re1 Bxh5
36.Rh1 Bg4 37.Rxh6 Bxf5 38.Bxf5+ Rxf5 39.Rh7+ Kxd6 40.Rxb7 Ra5 41.Kc2  1/2-1/2

[Event "22nd ECU Club Cup"]
[Site "Feugen AUT"]
[Date "2006.10.11"]
[Round "4"]
[White "Cobb,C"]
[Black "Hausrath,D"]
[Result "0-1"]
[WhiteElo "2410"]
[BlackElo "2529"]

1.d4 Nf6 2.c4 Nc6 3.Nf3 e6 4.Nc3 Bb4 5.Qc2 d6 6.a3 Bxc3+ 7.Qxc3 O-O 8.e3 Re8
9.b4 e5 10.Bb2 Bg4 11.d5 Ne7 12.Nd2 a5 13.f3 Bd7 14.Be2 c6 15.dxc6 bxc6 16.O-O d5
17.Nb3 axb4 18.axb4 Rb8 19.Nc5 Nf5 20.Kh1 Bc8 21.e4 d4 22.Qd2 Ne3 23.Rfe1 Nh5
24.Bf1 Qh4 25.Kg1 Nf4 26.Bc1 Nc2 27.g3 Nxe1 28.Qxe1 Nh3+ 29.Kg2 Qh5 30.g4 Qg6
31.Kxh3 h5 32.Be2 d3 33.Bd1 Rd8 34.Bd2 Rd4 35.Kg3 hxg4 36.fxg4 Rxc4 37.h3 Rd4
38.Qe3 Be6 39.Ra3 Qf6 40.Qf2 Qe7 41.Bc3 Rdd8 42.Nxe6 Qxe6 43.Bb3 Qe7 44.Ra7 Rb7
45.Ra5 d2 46.Rxe5 Qf8 47.Qf3 Rbd7 48.Rg5 Rd3 49.Bxg7 Qxg7 50.Rxg7+ Kxg7 51.Bd1 Rxf3+
52.Kxf3 Kf6 53.h4 Ke5 54.Ke3 f6 55.g5 fxg5 56.hxg5 Rd6 57.g6 Rxg6 58.Kxd2 Kd4
59.e5 Rg2+ 60.Be2 Kxe5 61.Kd3 Rxe2 62.Kxe2 Ke4  0-1

[Event "22nd ECU Club Cup"]
[Site "Feugen AUT"]
[Date "2006.10.12"]
[Round "5"]
[White "Thorfinnsson,Br"]
[Black "Van Haastert,E"]
[Result "1/2-1/2"]
[WhiteElo "2387"]
[BlackElo "2393"]

1.d4 Nf6 2.c4 Nc6 3.Nf3 e6 4.a3 d6 5.Nc3 g6 6.e4 Bg7 7.Be2 O-O 8.O-O Re8
9.Be3 e5 10.d5 Nd4 11.Nxd4 exd4 12.Bxd4 Nxe4 13.Bxg7 Kxg7 14.Nxe4 Rxe4 15.Qc2 Re8
16.Bd3 Bd7 17.f4 Qf6 18.f5  1/2-1/2

[Event "22nd ECU Club Cup"]
[Site "Feugen AUT"]
[Date "2006.10.13"]
[Round "6"]
[White "Asgeirsson,H"]
[Black "Lebel,P"]
[Result "0-1"]
[WhiteElo "2191"]
[BlackElo "2149"]

1.d4 Nf6 2.c4 Nc6 3.Nc3 e5 4.e4 Ne7 5.d5 Ng6 6.Bd3 Bc5 7.Nge2 Ng4 8.Rf1 Nxh2
9.Ng3 Nxf1 10.Nxf1 d6 11.Qe2 Nf4 12.Bxf4 exf4 13.O-O-O Qg5 14.f3 Bd7 15.Kb1 Qe5
16.Qc2 a6 17.Nd2 h5 18.a3 h4 19.b4 Be3 20.Nb3 b6 21.c5 dxc5 22.bxc5 Bxc5
23.Bf1 O-O 24.Nc1 Bd6 25.Nd3 Qe7 26.e5 Bxe5 27.Re1 f6 28.Nxf4 Qxa3 29.Rxe5 fxe5
30.Ne6 Qb4+ 31.Ka2 Rf6 32.Ng5 Bf5 33.Bd3 Qc4+ 34.Bxc4 Bxc2 35.d6+ Kh8 36.dxc7 Rc6
37.Nf7+ Kh7 38.Nxe5 Rxc7 39.Nd5 Rxc4 40.Nxc4 b5 41.Ne5 Rd8 42.Ne3 Rd2 43.Ka3 a5
44.Kb2 Bg6+ 45.Kc3 Re2 46.Kd4 a4  0-1

[Event "HSK 1830 IM"]
[Site "Hamburg GER"]
[Date "2006.10.17"]
[Round "3"]
[White "Bakker,S"]
[Black "Kopylov,M"]
[Result "1-0"]
[WhiteElo "2237"]
[BlackElo "2469"]

1.d4 Nf6 2.c4 Nc6 3.Nf3 d6 4.Nc3 e5 5.d5 Ne7 6.e4 g6 7.h3 Bg7 8.Be3 Nd7 9.g4 O-O
10.Rg1 f5 11.gxf5 gxf5 12.Bh6 Ng6 13.Bxg7 Kxg7 14.Ng5 Nf6 15.exf5 Bxf5 16.Bd3 Qd7
17.Bxf5 Qxf5 18.Ne6+ Kh8 19.Qd2 Ne4 20.Nxe4 Qxe4+ 21.Qe3 Qxe3+ 22.fxe3 Rf3
23.Ke2 Rxh3 24.Raf1 e4 25.Rg2 Ne5 26.Ng5 Rh4 27.Rf4 Rxf4 28.exf4 Ng6 29.Ke3 Rf8
30.Rh2 Nxf4 31.Rxh7+ Kg8 32.Rxc7 Ng2+ 33.Kxe4 Rf4+ 34.Kd3 b5 35.b3 bxc4+
36.bxc4 a5 37.Ne6 Rf2 38.a4 Ra2 39.c5 Ne1+ 40.Kc3 Ra3+ 41.Kb2 Rd3 42.cxd6 Rxd5
43.d7 Nd3+ 44.Kc3 Nb4 45.Rc8+  1-0

[Event "WYB14"]
[Site "Batumi GEO"]
[Date "2006.10.27"]
[Round "10"]
[White "Bregadze,L"]
[Black "Adhiban,B"]
[Result "1/2-1/2"]
[WhiteElo "2269"]
[BlackElo "2303"]

1.d4 Nf6 2.c4 Nc6 3.Nc3 e5 4.Nf3 exd4 5.Nxd4 Bb4 6.Qd3 O-O 7.Bg5 Ne5 8.Qg3 Nxc4
9.O-O-O Bxc3 10.Qxc3 d5 11.e3 Nd6 12.Qc2 c5 13.Nf3 Nde4 14.Bxf6 Nxf6 15.Kb1 Qa5
16.Be2 Bd7 17.Ne5 Ba4 18.b3 Qb6 19.Ka1 Bb5 20.Bxb5 Qxb5 21.g4 Rad8 22.g5 Ne4
23.f3 Nxg5 24.Qf5 Ne6 25.Rhg1 Qe8 26.Qf6 Rd6 27.Rxg7+ Nxg7 28.Qxd6 Qe6 29.Qxd5 Re8
30.f4 Qxd5 31.Rxd5 b6 32.Rd7 Nf5 33.Rxa7 Nxe3 34.Nxf7 Nc2+ 35.Kb1 Nd4 36.Nh6+ Kh8
37.Nf7+ Kg8 38.Ne5 Rf8 39.Nd7 Rxf4 40.Nxb6 Rf1+ 41.Kb2 Rf2+ 42.Kc1 Rxh2 43.Nd7 h5
44.Nf6+ Kf8 45.Nh7+ Kg8 46.Nf6+ Kf8 47.Nh7+ Ke8 48.Nf6+  1/2-1/2

[Event "WYB16"]
[Site "Batumi GEO"]
[Date "2006.10.28"]
[Round "11"]
[White "Benidze,D"]
[Black "Sethuraman,S"]
[Result "0-1"]
[WhiteElo "2318"]
[BlackElo "2329"]

1.d4 Nf6 2.c4 Nc6 3.Nc3 e5 4.d5 Ne7 5.e4 d6 6.Nf3 h6 7.Be2 g5 8.h3 Ng6 9.g3 Bd7
10.Be3 Bg7 11.Qd2 a6 12.a3 c6 13.dxc6 Bxc6 14.Bd3 O-O 15.Ng1 b5 16.b3 bxc4
17.bxc4 Nd7 18.h4 f5 19.Qe2 f4 20.Bd2 fxg3 21.fxg3 gxh4 22.Qg4 Nc5 23.Bc2 Qf6
24.O-O-O Bd7 25.Qh5 hxg3 26.Nd5 Qe6 27.Bxh6 Qg4 28.Bxg7 Qxh5 29.Rxh5 Kxg7
30.Rg5 Rf2 31.Nb6 Rh8 32.Nxd7 Rhh2 33.Nxc5 Rxc2+ 34.Kb1 Rb2+ 35.Ka1 Ra2+
36.Kb1 Rhb2+ 37.Kc1 Rg2 38.Nb3 Rac2+ 39.Kb1 Rb2+ 40.Ka1 Rxb3 41.Rxd6 Rxa3+
42.Kb1 Rxg1+ 43.Kb2 Rf3 44.Rdxg6+ Kf7 45.Rg7+ Ke8 46.Rg8+ Kd7 47.R8g7+ Kd6
48.R7g6+ Kc5 49.Rf5 Rxf5 50.exf5 Kxc4 51.f6 Rf1 52.Rg4+ Kd5 53.Rxg3 Rxf6
54.Kc2 e4 55.Ra3 Re6 56.Kd2 Rh6 57.Ra5+ Kd4 58.Ke2 Re6 59.Ra4+ Kc5 60.Ra1 Kb4
61.Rb1+ Kc3 62.Rc1+ Kb2 63.Rc5 Kb3 64.Ke3 Kb4 65.Rc1 a5 66.Rb1+ Kc3 67.Ra1 Ra6
68.Ra4 Kb3 69.Rxe4 a4 70.Kd4 a3 71.Re3+ Kb4  0-1

[Event "Open A"]
[Site "Le Touquet FRA"]
[Date "2006.11.02"]
[Round "8"]
[White "Lacrosse,M"]
[Black "Dehesdin,W"]
[Result "1-0"]
[WhiteElo "2238"]
[BlackElo "2096"]

1.d4 Nf6 2.c4 Nc6 3.Nf3 e6 4.a3 d5 5.Nc3 a6 6.Bg5 h6 7.Bxf6 gxf6 8.cxd5 exd5
9.e3 Be6 10.Bd3 f5 11.Qc2 f4 12.exf4 Qf6 13.f5  1-0

[Event "10th OIBM"]
[Site "Bad Wiessee GER"]
[Date "2006.11.07"]
[Round "4"]
[White "Prusikin,M"]
[Black "Gonzales,Jay"]
[Result "1/2-1/2"]
[WhiteElo "2560"]
[BlackElo "2418"]

1.d4 Nf6 2.c4 Nc6 3.Nf3 d6 4.Nc3 g6 5.d5 Nb8 6.e4 Bg7 7.h3 O-O 8.Bd3 c6 9.O-O a6
10.Re1 b5 11.Bg5 h6 12.Bf4 e5 13.dxe6 Bxe6 14.Bf1 d5 15.exd5 cxd5 16.cxb5 axb5
17.Bxb5 Qa5 18.Be5 Nbd7 19.Bxd7 Bxd7 20.Bxf6 Bxf6 21.Nxd5 Bxb2 22.Rb1 Ba4
23.Qd3 Bg7 24.Nb6 Ra7 25.Nxa4 Qxa4 26.Re2 Rfa8 27.Rb3 Qf4 28.Qb1 Rc8 29.Re1 Rca8
30.Re4 Qc7 31.Re2 Rc8 32.Qe4 Bf6 33.g3 Qc1+ 34.Kg2 Kg7 35.Rb7 Rxb7 36.Qxb7 Rc7
37.Qd5 Rc5 38.Qd3 Rc3 39.Qe4 Ra3 40.Ne5 Qc7 41.Ng4 Ba1 42.Rc2 Qd7 43.Qe1 Rxa2
44.Rxa2  1/2-1/2

[Event "TCh-NOR 2006-7"]
[Site "Oslo NOR"]
[Date "2006.11.12"]
[Round "3"]
[White "Berg Jensen,J"]
[Black "Hagesaether,H"]
[Result "0-1"]
[WhiteElo "2230"]
[BlackElo "2244"]

1.d4 Nf6 2.c4 Nc6 3.Nc3 e5 4.d5 Ne7 5.Bg5 Ng6 6.e4 h6 7.Be3 Bb4 8.f3 Bxc3+
9.bxc3 d6 10.c5 O-O 11.Ne2 c6 12.dxc6 d5 13.Ng3 bxc6 14.Qa4 Nf4 15.Rd1 Qc7
16.Kf2 dxe4 17.Bxf4 exf3 18.Be3 Nd5 19.gxf3 Nxc3 20.Qc2 Nxd1+ 21.Qxd1 f5
22.Bc4+ Kh8 23.Nh5 Qe7 24.h4 Be6 25.Bxe6 Qxe6 26.Qc2 f4 27.Bd2 Qf7 28.Nxg7 Qxg7
29.Rg1 Qf6 30.Bc3 Qxh4+ 31.Kf1 Qh5 32.Qg2 Rg8 33.Qf2 Rxg1+ 34.Kxg1 Rd8 35.Qe2 Rg8+
36.Kf1 Qh1+  0-1

[Event "Festival Prefeitura"]
[Site "Sao Paulo BRA"]
[Date "2006.11.15"]
[Round "6"]
[White "El Debs,F"]
[Black "Diamant,A"]
[Result "1-0"]
[WhiteElo "2325"]
[BlackElo "2396"]

1.d4 Nf6 2.c4 Nc6 3.Nf3 e6 4.g3 Bb4+ 5.Bd2 Qe7 6.Nc3 O-O 7.Bg2 d6 8.O-O a5
9.Rc1 Bxc3 10.Bxc3 e5 11.d5 Nb8 12.Qc2 Nbd7 13.e4 Nc5 14.Nd2 Bd7 15.Nb3 Ba4
16.Rfe1 Ra6 17.Bd2 Rfa8 18.Be3 Rb6 19.Bxc5 dxc5 20.Qc3 Bxb3 21.axb3 Rd6 22.f4 Nd7
23.Bh3 exf4 24.gxf4 Raa6 25.Rc2 Rg6+ 26.Kh1 a4 27.bxa4 Rxa4 28.Bf5 Rf6 29.Rg2 Nf8
30.e5 Rxf5 31.Qc2 Rxf4 32.Qxa4 Qh4 33.Reg1 g6 34.Qe8 Re4 35.e6 Qf6 36.exf7+  1-0

[Event "1st GMA Cup"]
[Site "Manila PHI"]
[Date "2006.11.22"]
[Round "8"]
[White "Paragua,M"]
[Black "Ranola,Y"]
[Result "1/2-1/2"]
[WhiteElo "2587"]
[BlackElo "2414"]

1.d4 Nf6 2.c4 Nc6 3.Nf3 e6 4.Nc3 Bb4 5.Qc2 d6 6.a3 Bxc3+ 7.Qxc3 a5 8.b3 O-O
9.Bg5 Re8 10.e3 e5 11.dxe5 dxe5 12.Be2 Bg4 13.h3 Bh5 14.g4 Bg6 15.Qb2 Qd6
16.O-O Ne4 17.Rad1 Qe6 18.Bh4 h5 19.Ng5 Qe7 20.Nf3 Qe6 21.Nh2 hxg4 22.Bxg4 f5
23.Bf3 a4 24.bxa4 Qxc4 25.Qxb7 Ra7 26.Qb5 Qxa4 27.Qd5+ Bf7 28.Qd7 Nd4 29.Qxa4 Nxf3+
30.Nxf3 Rxa4 31.Rd8 Nd6 32.Rxe8+ Bxe8 33.Bd8 e4 34.Ne5 Nb5 35.Rc1 Rxa3 36.Bxc7 Rc3
37.Rxc3 Nxc3 38.Kh2 Nd5 39.Bd8 Bb5 40.Kg3 Kf8 41.h4 Ke8 42.Bg5 Be2  1/2-1/2

[Event "1st GMA Cup"]
[Site "Manila PHI"]
[Date "2006.11.22"]
[Round "8"]
[White "Vakhidov,T"]
[Black "Gonzales,Jay"]
[Result "1/2-1/2"]
[WhiteElo "2522"]
[BlackElo "2418"]

1.d4 Nf6 2.c4 Nc6 3.Nc3 e5 4.Nf3 exd4 5.Nxd4 Bb4 6.Bg5 h6 7.Bh4 Ne5 8.Qb3 Bxc3+
9.Qxc3 d6 10.e3 a6 11.Be2 Ng6 12.Bxf6 Qxf6 13.Rc1 c5 14.Nf3 Qxc3+ 15.Rxc3 Bd7
16.O-O  1/2-1/2

[Event "73rd ch-BRA"]
[Site "Guarulhos BRA"]
[Date "2006.11.30"]
[Round "8"]
[White "Oliveira,Je"]
[Black "Diamant,A"]
[Result "1/2-1/2"]
[WhiteElo "2183"]
[BlackElo "2396"]

1.d4 Nf6 2.c4 Nc6 3.Nf3 e6 4.Nc3 Bb4 5.Bg5 h6 6.Bh4 Bxc3+ 7.bxc3 d6 8.e3 Qe7
9.Be2 b6 10.Nd2 Bb7 11.O-O e5 12.Qc2 Nb8 13.Rae1 Nbd7 14.f4 O-O-O 15.fxe5 dxe5
16.a4 g5 17.Bf2 h5 18.a5 h4 19.axb6 axb6 20.c5 g4 21.Qa4 bxc5 22.Ba6 Nb6
23.Bxb7+ Kxb7 24.Qb5 cxd4 25.exd4 Rd5 26.Qb3 g3 27.hxg3 hxg3 28.Bxg3 e4 29.Rf4 Rdh5
30.Kf2 Rh1 31.Re3 Nd5 32.Rexe4 Qd7 33.Rf3 f5 34.Re5 Rf8 35.Ne4 fxe4 36.Rxf8 e3+
37.Ke2 Qg4+ 38.Rf3 Rg1 39.Rxd5 Rxg2+ 40.Kxe3 Qe6+ 41.Be5 Qh6+ 42.Bf4 Qe6+
43.Be5 Qh6+ 44.Bf4 Qe6+  1/2-1/2

[Event "TCh-BEL 2006-7"]
[Site "Belgium BEL"]
[Date "2006.12.03"]
[Round "5"]
[White "Kalka,A"]
[Black "Beuselinck,S"]
[Result "1-0"]
[WhiteElo "2407"]
[BlackElo "2164"]

1.d4 Nf6 2.c4 Nc6 3.Nf3 e6 4.a3 d5 5.Qc2 g6 6.Bf4 Bg7 7.e3 Ne7 8.h3 c6 9.Nc3 Nh5
10.Bh2 f5 11.c5 O-O 12.Bd6 Bd7 13.Bd3 Be8 14.b4 Nf6 15.O-O Bh6 16.h4 Ne4
17.Bf4 Bg7 18.a4 Kh8 19.b5 Bf6 20.g3 Rf7 21.Ng5 Bxg5 22.hxg5 h6 23.gxh6 g5
24.Be5+ Kh7 25.Kg2 Rc8 26.f3 Nxc3 27.Qxc3 Ng6 28.Bg7 b6 29.Rac1 Rfc7 30.bxc6 bxc5
31.Ba6 cxd4 32.Qxd4 Rb8 33.Bb7 Qd6 34.Qxa7 Rbc8 35.Qc5 Rd8 36.Bf6 Qxc5 37.Rxc5 Rd6
38.Rfc1 Kxh6 39.Rh1+  1-0